[Laudi spirituali.

Saved in:
நூற்பட்டியல் விவரங்கள்
குழும எழுத்தாளர்: Biblioteca nazionale centrale di Firenze.
வடிவம்: இசை மதிப்பெண்கள்
மொழி:Italian
வெளியீடப்பட்டது: 15--]
பகுதிகள்:
குறியீடுகள்: குறிச்சொல் இணை
குறியீடுகள் இல்லை, இந்த குறிச்சொல்லை முதலில் பதிவு செய்யுங்கள்!
LEADER 00555ndm a2200193 4500
001 007768703-5
005 20020606104010.5
008 980420s15uu xx pya| a nn| ita d
035 0 |a ocm39263975 
040 |a MH-Mu  |c MH-Mu 
110 2 |a Biblioteca nazionale centrale di Firenze.  |k Manuscript.  |n Palatino 173. 
245 0 0 |a [Laudi spirituali. 
260 |c 15--] 
300 |a Ms. score ([170] leaves) 
650 0 |a Laude  |y 16th century. 
650 0 |a Part songs, Sacred  |y 16th century. 
650 0 |a Part songs, Italian  |y 16th century. 
988 |a 20020608 
906 |0 MH